Sports Quiz

Random Sports or Football Quiz

FBS Bowl Game Map Minefield Quiz Stats

Quiz Updated Jan 1, 2016

Challenge
Share
Tweet
Score 0/16 Timer 02:00
46 Plays Today
% Correct
???
86.8%
???
85.3%
???
81.2%
???
70.8%
???
69.2%
???
68.1%
???
57.1%
???
54.7%
% Correct
???
45.8%
???
44.9%
???
44.4%
???
42.3%
???
40.8%
???
38.5%
???
36.2%
???
20.3%

You're not logged in!

Compare scores with friends on all Sporcle quizzes.
Sign Up with Email
OR
Log In

You Might Also Like...

Show Comments

Extras

Top Quizzes Today


Score Distribution

Your Account Isn't Verified!

In order to create a playlist on Sporcle, you need to verify the email address you used during registration. Go to your Sporcle Settings to finish the process.